006530000a220013300045007730045000001000021000452450035000663000048001015000021001495200234001709420008004049520090004129990017005020 tArcadia / Andrés Felipe Solano, Editor1 aPuerta, Cristina10aEl escritor que borra palabras aVol.0, núm.1 (Octubre, 2005), Página 12 aEditora de Norma aLa reciente edición de la Feria del libro de Medellín superó las expectativas y rompió récords de asistencia : 113.900 visitantes. Quim Monzó, escritor de culto de las nuevas generaciones, fue la estrella del evento. cANA 001040708HEMaFUSBCbFUSBCd2016-01-26l0o r2016-01-26 00:00:00w2016-01-26yANA c61700d61700